| 000 | 00332nam a2200121Ia 4500 | ||
|---|---|---|---|
| 008 | 220216s9999 xx 000 0 und d | ||
| 100 | _aStevens W H | ||
| 245 | 0 | _aLatex processes and potentialities 7 - Equipment and techniques | |
| 260 |
_bRubber Developments _c1949 |
||
| 300 | _a14-18 | ||
| 650 | _aLatex processing | ||
| 942 | _cJS | ||
| 999 |
_c62055 _d62055 |
||